[Event "SVR op"]
[Site "Lahnstein"]
[Date "2019.04.14"]
[Round "4"]
[White "Pishanidar, Borzou"]
[Black "Sassenroth, Guenter"]
[Result "1/2-1/2"]
[WhiteElo "1742"]
[BlackElo "1631"]
[PlyCount "70"]
[EventDate "2019.04.13"]
[EventType "swiss"]
[EventRounds "7"]
[EventCountry "GER"]
[SourceTitle "EXT 2021"]
[Source "ChessBase"]
[SourceDate "2020.10.23"]
[SourceVersion "1"]
[SourceVersionDate "2020.10.23"]
[SourceQuality "1"]

1. d4 d5 2. c4 e6 3. Nc3 c5 4. cxd5 exd5 5. Nf3 Nc6 6. Bg5 Nf6 7. Bxf6 Qxf6 8. Nxd5 Qd8 9. dxc5 Be6 10. Nf4 Qf6 11. Nxe6 Qxe6 12. Qc2 Be7 13. e3 0-0 14. Bc4 Qg4 15. 0-0 Bxc5 16. Bxf7+ Rxf7 17. Qxc5 Rxf3 18. e4 Rff8 19. e5 Qe6 20. f4 b6 21. Qc3 Rfd8 22. Rad1 Rxd1 23. Rxd1 Rd8 24. Rxd8+ Nxd8 25. Qc7 Nc6 26. f5 Qd5 27. Qc8+ Nd8 28. g4 Qc5+ 29. Qxc5 bxc5 30. Kf2 Kf7 31. Ke3 g6 32. Ke4 Nc6 33. Kd5 Ne7+ 34. Ke4 Nc6 35. Kd5 Ne7+ 1/2-1/2

[Event "SVR op"]
[Site "Lahnstein"]
[Date "2019.04.13"]
[Round "2"]
[White "Weckerle, Anatol"]
[Black "Sassenroth, Guenter"]
[Result "0-1"]
[WhiteElo "1484"]
[BlackElo "1631"]
[PlyCount "80"]
[EventDate "2019.04.13"]
[EventType "swiss"]
[EventRounds "7"]
[EventCountry "GER"]
[SourceTitle "EXT 2021"]
[Source "ChessBase"]
[SourceDate "2020.10.23"]
[SourceVersion "1"]
[SourceVersionDate "2020.10.23"]
[SourceQuality "1"]

1. c4 c5 2. g3 e6 3. Bg2 d5 4. Nf3 Nc6 5. b3 Nf6 6. Bb2 Be7 7. e3 0-0 8. 0-0 a6 9. d3 b5 10. Ne5 Nxe5 11. Bxe5 Bb7 12. Na3 Qd7 13. Nc2 dxc4 14. dxc4 Bxg2 15. Qxd7 Nxd7 16. Bxg7 Kxg7 17. Kxg2 Rfd8 18. Na3 b4 19. Nc2 Nb6 20. Rad1 a5 21. Kf3 a4 22. Ke2 axb3 23. Rxd8 Rxd8 24. axb3 Bf6 25. Rd1 Rxd1 26. Kxd1 Nd7 27. Ne1 Ne5 28. Ke2 Be7 29. Nd3 Nc6 30. Kd1 Bd6 31. Nb2 e5 32. Nd3 e4 33. Ne1 f5 34. f4 exf3 35. Nxf3 Kf6 36. Kc2 h5 37. Kd3 Ne5+ 38. Ke2 Nxf3 39. Kxf3 Ke5 40. h3 Be7 0-1

[Event "SVR-op"]
[Site "Hennweiler"]
[Date "2018.03.31"]
[Round "7"]
[White "Sassenroth, Guenter"]
[Black "Schroeder, Johannes1111"]
[Result "0-1"]
[WhiteElo "1633"]
[BlackElo "2205"]
[PlyCount "114"]
[EventDate "2018.03.24"]
[EventType "swiss"]
[EventRounds "7"]
[EventCountry "GER"]
[SourceTitle "EXT 2020"]
[Source "ChessBase"]
[SourceDate "2019.10.17"]
[SourceVersion "1"]
[SourceVersionDate "2019.10.17"]
[SourceQuality "1"]

1. e4 d5 2. exd5 Qxd5 3. Nf3 Nf6 4. d4 Bf5 5. c4 Qd8 6. Nc3 c6 7. Bd3 Bxd3 8. Qxd3 e6 9. 0-0 Bd6 10. Bg5 0-0 11. c5 Bxc5 12. Bxf6 gxf6 13. Rfe1 Be7 14. Re4 f5 15. Rf4 Bg5 16. Nxg5 Qxg5 17. Ne2 Nd7 18. Qc3 Nf6 19. Rf3 Kh8 20. Rg3 Qh6 21. Rh3 Qg5 22. f4 Qg6 23. Rf1 Ne4 24. Qc2 Rg8 25. Nc3 Nxc3 26. bxc3 Qf6 27. Rff3 Rg7 28. Rh5 Rag8 29. Rf2 Qe7 30. Qe2 Qd6 31. Qe3 f6 32. h3 Rg3 33. Qd2 Qa3 34. Re2 Rxc3 35. Rxe6 Rc1+ 36. Re1 Rxe1+ 37. Qxe1 Qxa2 38. g3 Qd5 39. Qe3 Qe4 40. Qxe4 fxe4 41. g4 Rd8 42. Ra5 a6 43. Ra4 Ra8 44. Rc4 a5 45. Kf2 a4 46. Ke3 a3 47. Rc1 b5 48. Kd2 b4 49. Kc2 e3 50. Kb3 a2 51. Ra1 e2 52. Kb2 b3 53. h4 Ra4 54. h5 Rxd4 55. Kxb3 Rd1 56. Rxa2 e1Q 57. Ra8+ Kg7 0-1

[Event "Rheinland Pfalz op 9th"]
[Site "Lambsheim"]
[Date "2017.06.17"]
[Round "5"]
[White "Noeckler, Alexander"]
[Black "Sassenroth, Guenter"]
[Result "1-0"]
[WhiteElo "1912"]
[BlackElo "1768"]
[PlyCount "137"]
[EventDate "2017.06.15"]
[EventType "swiss"]
[EventRounds "7"]
[EventCountry "GER"]
[SourceTitle "CBM 178 Extra"]
[Source "ChessBase"]
[SourceDate "2017.06.22"]
[SourceVersion "1"]
[SourceVersionDate "2017.06.22"]
[SourceQuality "1"]

1. c4 c5 2. Nc3 e6 3. g3 d5 4. cxd5 exd5 5. d4 Nc6 6. Nf3 Nf6 7. Bg2 Be7 8. 0-0 0-0 9. h3 Be6 10. e3 Rc8 11. a3 a6 12. dxc5 Bxc5 13. b4 Bd6 14. Bb2 Ne5 15. Nxd5 Bxd5 16. Nxe5 Bxg2 17. Kxg2 Qe7 18. Qd4 Rc2 19. Nc4 Rd8 20. Qd3 Qe4+ 21. Qxe4 Nxe4 22. Rac1 Rxc1 23. Rxc1 Kf8 24. f3 Ng5 25. Rd1 Bc7 26. Rxd8+ Bxd8 27. a4 Ne6 28. f4 b5 29. axb5 axb5 30. Na3 Be7 31. Bc3 Nc7 32. Kf3 Nd5 33. Bd4 Nxb4 34. Nxb5 g6 35. Ke4 f6 36. g4 Kf7 37. Nc3 Ke6 38. f5+ Kf7 39. Nd5 Nc6 40. Bc3 Nb8 41. h4 Nd7 42. fxg6+ hxg6 43. h5 f5+ 44. gxf5 gxh5 45. Kf4 Bh4 46. e4 Nf8 47. e5 Bf2 48. Kg5 h4 49. Kg4 Bg3 50. Nf4 Ke7 51. Bb4+ Kf7 52. Bxf8 Kxf8 53. Ng6+ Ke8 54. e6 Be1 55. Nxh4 Bc3 56. Ng6 Bf6 57. Kf4 Kd8 58. Ne5 Ke7 59. Ng4 Bh4 60. Ke4 Kd6 61. Ne5 Bf6 62. Nc4+ Kc5 63. Ne3 Kd6 64. Kf4 Bh4 65. Kg4 Bf6 66. Kh5 Ke5 67. Kg6 Bh4 68. Ng4+ Kd6 69. Kf7 1-0

[Event "Rheinland Pfalz op 7th"]
[Site "Frankenthal"]
[Date "2015.06.06"]
[Round "5"]
[White "Fink, Wolfgang"]
[Black "Sassenroth, Guenter"]
[Result "0-1"]
[WhiteElo "1642"]
[BlackElo "1782"]
[PlyCount "144"]
[EventDate "2015.06.04"]
[EventType "swiss"]
[EventRounds "7"]
[EventCountry "GER"]
[SourceTitle "EXT 2017"]
[Source "ChessBase"]
[SourceDate "2016.10.25"]
[SourceVersion "1"]
[SourceVersionDate "2016.10.25"]
[SourceQuality "1"]

1. f4 d5 2. Nf3 Nc6 3. e3 Nf6 4. d4 e6 5. c3 Be7 6. Bd3 0-0 7. Nbd2 Re8 8. 0-0 a5 9. Qc2 b6 10. Bb5 Bd7 11. a4 Na7 12. Bd3 c5 13. dxc5 Bxc5 14. Nd4 Qc7 15. N2f3 Nc6 16. Bd2 Rac8 17. Nb5 Qb8 18. Nbd4 Bxd4 19. exd4 Nb4 20. Qb1 Nxd3 21. Qxd3 Ne4 22. Ne5 Red8 23. Nxd7 Rxd7 24. Be3 f5 25. Rfc1 Qd6 26. Qb5 Rdc7 27. Rc2 h6 28. Ra3 Rc4 29. Rb3 R8c6 30. Rc1 Qd8 31. Ra3 Qe8 32. Qb3 Qh5 33. Qd1 Qf7 34. Rca1 Qc7 35. Rb3 Qf7 36. Qe1 g5 37. g3 Qh5 38. Kg2 g4 39. Kg1 Qe8 40. Raa3 h5 41. Bf2 Rd6 42. Rb5 Rxa4 43. Rab3 Qd8 44. Kg2 Rc6 45. h3 Kf7 46. hxg4 hxg4 47. Qh1 Nf6 48. Be3 Rac4 49. Bd2 a4 50. R3b4 Rxb4 51. Rxb4 Qa8 52. Bc1 Qa6 53. Qd1 b5 54. Bd2 Rb6 55. Qa1 Qc8 56. b3 Qh8 57. Qh1 Qxh1+ 58. Kxh1 a3 59. Bc1 a2 60. Bb2 Ke7 61. c4 dxc4 62. bxc4 Ne4 63. Kg2 Kd7 64. Ba1 Kc6 65. c5 Ra6 66. Rb3 Ra4 67. Rd3 Kd5 68. Kf1 Rc4 69. Ke2 Rc1 70. Ra3 Rxa1 71. Ra6 Rh1 72. Kd3 a1Q 0-1

[Event "Rheinland Pfalz op 7th"]
[Site "Frankenthal"]
[Date "2015.06.06"]
[Round "6"]
[White "Sassenroth, Guenter"]
[Black "Roelle, Philipp"]
[Result "0-1"]
[WhiteElo "1782"]
[BlackElo "1969"]
[PlyCount "88"]
[EventDate "2015.06.04"]
[EventType "swiss"]
[EventRounds "7"]
[EventCountry "GER"]
[SourceTitle "EXT 2017"]
[Source "ChessBase"]
[SourceDate "2016.10.25"]
[SourceVersion "1"]
[SourceVersionDate "2016.10.25"]
[SourceQuality "1"]

1. e4 c5 2. Nf3 d6 3. d4 cxd4 4. Nxd4 Nf6 5. Nc3 a6 6. Be3 e5 7. Nb3 Be6 8. f3 Nbd7 9. Qd2 Be7 10. 0-0-0 h5 11. h4 b5 12. Qf2 Qc7 13. Nd5 Bxd5 14. exd5 Bd8 15. g3 Qb7 16. Bg2 a5 17. Rd3 a4 18. Nd2 Rc8 19. Ne4 Nxe4 20. fxe4 Nf6 21. Rf1 b4 22. Bh3 Rc4 23. Bg2 b3 24. axb3 axb3 25. c3 Qa6 26. Kd1 0-0 27. Qe2 Ra4 28. Bc1 Ra1 29. Bf3 Bb6 30. Kd2 Qa2 31. Qd1 g6 32. Ke2 Rb1 33. c4 Ba5 34. Qxb3 Qa1 35. Qa3 Qxa3 36. Rxa3 Bb4 37. Rd3 Rc8 38. b3 Ra8 39. Kf2 Raa1 40. Rdd1 Rxb3 41. Bg5 Ra2+ 42. Kg1 Ng4 43. Rb1 Bc5+ 44. Kh1 Rh2# 0-1

[Event "Rheinland Pfalz op 7th"]
[Site "Frankenthal"]
[Date "2015.06.04"]
[Round "1"]
[White "Lambert, Andreas"]
[Black "Sassenroth, Guenter"]
[Result "1-0"]
[WhiteElo "2167"]
[BlackElo "1782"]
[PlyCount "62"]
[EventDate "2015.06.04"]
[EventType "swiss"]
[EventRounds "7"]
[EventCountry "GER"]
[SourceTitle "EXT 2017"]
[Source "ChessBase"]
[SourceDate "2016.10.25"]
[SourceVersion "1"]
[SourceVersionDate "2016.10.25"]
[SourceQuality "1"]

1. c4 c5 2. Nc3 e6 3. Nf3 d5 4. cxd5 exd5 5. d4 Nc6 6. g3 Nf6 7. Bg2 Be7 8. 0-0 0-0 9. Bg5 cxd4 10. Nxd4 h6 11. Be3 Re8 12. Rc1 Bg4 13. h3 Be6 14. Qc2 Rc8 15. Rcd1 Qd7 16. Kh2 Ne5 17. Bc1 Qc7 18. Qb1 a6 19. e4 dxe4 20. Nxe6 fxe6 21. Nxe4 Nd5 22. Bd2 Qb8 23. Nc3 Nf6 24. Bf4 Nh5 25. Bxe5 Qxe5 26. Bxb7 Bh4 27. Rd3 Rc7 28. Bf3 Bxg3+ 29. Kh1 Bf4 30. Qd1 Qg5 31. Bxh5 Qxh5 1-0

[Event "Rheinland Pfalz op 6th"]
[Site "Gau Algesheim"]
[Date "2014.06.20"]
[Round "3"]
[White "Mueller, Lutz"]
[Black "Sassenroth, Guenter"]
[Result "1-0"]
[WhiteElo "2089"]
[BlackElo "1794"]
[PlyCount "91"]
[EventDate "2014.06.19"]
[EventType "swiss"]
[EventRounds "7"]
[EventCountry "GER"]
[SourceTitle "CBM 161 Extra"]
[Source "ChessBase"]
[SourceDate "2014.08.29"]
[SourceVersion "1"]
[SourceVersionDate "2014.08.29"]
[SourceQuality "1"]

1. d4 d5 2. Nf3 e6 3. e3 c5 4. b3 Nc6 5. Bb2 Nf6 6. a3 a6 7. Ne5 Bd6 8. Nd2 0-0 9. Bd3 Re8 10. 0-0 Nd7 11. f4 cxd4 12. exd4 Qc7 13. Bxh7+ Kf8 14. Bd3 Nf6 15. Qe2 b5 16. g4 Ne7 17. g5 Nfg8 18. Qh5 Nf5 19. Rae1 Bxe5 20. fxe5 g6 21. Qh7 Ra7 22. Rf3 Qb6 23. Rf4 a5 24. c3 b4 25. c4 Ba6 26. Ref1 Ke7 27. Qh3 Kd8 28. Qf3 bxa3 29. Ba1 Qb4 30. Qe2 Nge7 31. Rc1 dxc4 32. bxc4 Rd7 33. Bc3 Qb7 34. Bxa5+ Kc8 35. Be4 Qa7 36. Bxf5 gxf5 37. Nb3 Nc6 38. Qf2 Nxa5 39. Nxa5 Qb6 40. Qd2 Red8 41. c5 Qb5 42. Nc4 Kc7 43. Nd6 Qa4 44. d5 Qb3 45. Qa5+ Kb8 46. Rb4+ 1-0

[Event "Rheinland Pfalz op 5th"]
[Site "Worms"]
[Date "2013.06.01"]
[Round "6"]
[White "Baumann, Bettina"]
[Black "Sassenroth, Guenter"]
[Result "1/2-1/2"]
[WhiteElo "1506"]
[BlackElo "1672"]
[PlyCount "51"]
[EventDate "2013.05.30"]
[EventType "swiss"]
[EventRounds "7"]
[EventCountry "GER"]
[SourceTitle "EXT 2014"]
[Source "ChessBase"]
[SourceDate "2013.11.20"]
[SourceVersion "1"]
[SourceVersionDate "2013.11.20"]
[SourceQuality "1"]

1. d4 d5 2. c4 e6 3. e3 Nf6 4. Nc3 c5 5. dxc5 Bxc5 6. Nf3 0-0 7. cxd5 exd5 8. Be2 Nc6 9. 0-0 Be6 10. b3 Qe7 11. Bb2 Rfd8 12. Rc1 d4 13. exd4 Nxd4 14. Nxd4 Bxd4 15. Qe1 Rac8 16. Bc4 Rc6 17. Be2 a6 18. Bf3 Rc7 19. Qe2 Qb4 20. Rfd1 Rdc8 21. Nd5 Nxd5 22. Rxc7 Rxc7 23. Rxd4 Qxd4 24. Bxd4 Rc1+ 25. Qd1 Rxd1+ 26. Bxd1 1/2-1/2

[Event "Rheinland Pfalz op 5th"]
[Site "Worms"]
[Date "2013.05.31"]
[Round "4"]
[White "Grieb, Stefan"]
[Black "Sassenroth, Guenter"]
[Result "1/2-1/2"]
[WhiteElo "1943"]
[BlackElo "1672"]
[PlyCount "91"]
[EventDate "2013.05.30"]
[EventType "swiss"]
[EventRounds "7"]
[EventCountry "GER"]
[SourceTitle "EXT 2014"]
[Source "ChessBase"]
[SourceDate "2013.11.20"]
[SourceVersion "1"]
[SourceVersionDate "2013.11.20"]
[SourceQuality "1"]

1. d4 d5 2. c4 e6 3. e3 c5 4. Nc3 Nf6 5. Nf3 Be7 6. Be2 a6 7. 0-0 dxc4 8. dxc5 Qc7 9. Bxc4 b5 10. Bb3 0-0 11. Nd4 Qxc5 12. Bd2 e5 13. Nf3 Rd8 14. Qe2 Nc6 15. Rac1 Qb6 16. Ng5 Rf8 17. Nd5 Nxd5 18. Bxd5 Bb7 19. Qh5 Bxg5 20. Qxg5 Rad8 21. Bxc6 Bxc6 22. Bb4 Rfe8 23. Bc5 Qb8 24. Rfd1 f6 25. Qg4 Qc7 26. b4 Qf7 27. Qe2 Rxd1+ 28. Rxd1 Bd5 29. a3 h6 30. e4 Bc4 31. Qg4 Be6 32. Qe2 Bc4 33. Qd2 Bb3 34. Rc1 Bc4 35. Qd6 Re6 36. Qd2 Qg6 37. f3 Qg5 38. Rd1 Qxd2 39. Rxd2 Kf7 40. Rd7+ Kg8 41. Kf2 Rc6 42. g3 a5 43. Ra7 axb4 44. axb4 Rc8 45. Rd7 Ra8 46. Ba7 1/2-1/2

[Event "Rheinland Pfalz op 3rd"]
[Site "Gau Algesheim"]
[Date "2011.08.01"]
[Round "6"]
[White "Kissel, Ralf"]
[Black "Sassenroth, Guenter"]
[Result "1-0"]
[WhiteElo "1824"]
[BlackElo "1635"]
[PlyCount "108"]
[EventDate "2011.07.28"]
[EventType "swiss"]
[EventRounds "7"]
[EventCountry "GER"]
[SourceTitle "EXT 2013"]
[Source "ChessBase"]
[SourceDate "2012.11.22"]
[SourceVersion "1"]
[SourceVersionDate "2012.11.22"]
[SourceQuality "1"]

1. e4 e5 2. Nf3 Nc6 3. Nc3 Nf6 4. d4 Nxd4 5. Nxe5 Ne6 6. Bc4 Be7 7. 0-0 0-0 8. Be3 c6 9. Bb3 Qc7 10. Nd3 b5 11. a3 Bb7 12. f4 d5 13. exd5 cxd5 14. Nxb5 Qc6 15. Nd4 Nxd4 16. Bxd4 Nd7 17. Ne5 Nxe5 18. fxe5 a5 19. c3 Ra6 20. Bc2 Re8 21. Qd3 g6 22. Rf3 Bc5 23. Raf1 Bxd4+ 24. cxd4 Re7 25. Qd2 Qc7 26. Rh3 h5 27. Rg3 Kg7 28. Bd1 Kf8 29. Qh6+ Ke8 30. Rgf3 Qc4 31. Qd2 Qc7 32. Rc3 Bc6 33. Ba4 Qb7 34. Bxc6+ Rxc6 35. Rxc6 Qxc6 36. Qxa5 Kf8 37. Qd8+ Re8 38. Qf6 Qxf6 39. exf6 Rb8 40. Rc1 Ke8 41. b4 Ra8 42. Rc3 Kd7 43. Re3 Kd6 44. Kf2 Rc8 45. Re7 Rc4 46. Rxf7 Ke6 47. Rf8 Rxd4 48. Re8+ Kxf6 49. b5 h4 50. b6 Rd2+ 51. Ke3 Rb2 52. Rb8 Rb3+ 53. Kd4 Rxa3 54. b7 Ra4+ 1-0

[Event "Rheinland Pfalz op 3rd"]
[Site "Gau Algesheim"]
[Date "2011.07.29"]
[Round "3"]
[White "Sassenroth, Guenter"]
[Black "Erlekam, Simon"]
[Result "1-0"]
[WhiteElo "1635"]
[BlackElo "1256"]
[PlyCount "79"]
[EventDate "2011.07.28"]
[EventType "swiss"]
[EventRounds "7"]
[EventCountry "GER"]
[SourceTitle "EXT 2013"]
[Source "ChessBase"]
[SourceDate "2012.11.22"]
[SourceVersion "1"]
[SourceVersionDate "2012.11.22"]
[SourceQuality "1"]

1. e4 c5 2. Nf3 e6 3. d4 cxd4 4. Nxd4 Nc6 5. Nc3 d6 6. Be3 a6 7. Qd2 Nf6 8. f3 Be7 9. g4 0-0 10. h4 Re8 11. 0-0-0 Nxd4 12. Bxd4 e5 13. Be3 Be6 14. h5 h6 15. Qg2 Nh7 16. Kb1 Qc7 17. Nd5 Bxd5 18. exd5 Bg5 19. Qf2 Rac8 20. Bd3 Bxe3 21. Qxe3 Ng5 22. Rhe1 Qd7 23. Bf5 Ne6 24. dxe6 fxe6 25. Bg6 Red8 26. Rf1 Qc7 27. f4 Qc4 28. fxe5 d5 29. Rf4 Qc6 30. Rff1 b5 31. Qf3 Rd7 32. Rd4 a5 33. Rf4 Qc5 34. Rf7 Rdc7 35. Rxc7 Rxc7 36. Qf2 Qe7 37. Qb6 Rc8 38. Rf7 Qh4 39. Rxg7+ Kh8 40. Rh7+ 1-0

[Event "Rheinland Pfalz op 3rd"]
[Site "Gau Algesheim"]
[Date "2011.07.28"]
[Round "1"]
[White "Sassenroth, Guenter"]
[Black "Nasshan, Dennis"]
[Result "0-1"]
[WhiteElo "1635"]
[BlackElo "2059"]
[PlyCount "84"]
[EventDate "2011.07.28"]
[EventType "swiss"]
[EventRounds "7"]
[EventCountry "GER"]
[SourceTitle "EXT 2013"]
[Source "ChessBase"]
[SourceDate "2012.11.22"]
[SourceVersion "1"]
[SourceVersionDate "2012.11.22"]
[SourceQuality "1"]

1. e4 c5 2. Nf3 e6 3. d4 cxd4 4. Nxd4 a6 5. Nc3 Qc7 6. Be3 Nf6 7. Bd3 Bb4 8. Bd2 Be7 9. 0-0 d6 10. Nce2 Nbd7 11. c4 b6 12. Bc3 Bb7 13. Qc2 Ne5 14. f3 Rc8 15. b3 0-0 16. Kh1 Qb8 17. Qd2 Rfe8 18. Rac1 Bf8 19. Bb1 Ng6 20. Ng3 Rcd8 21. Qb2 Ba8 22. Nde2 Be7 23. f4 Qb7 24. f5 Nf8 25. Nf4 e5 26. Nd5 N8d7 27. Rcd1 Nxd5 28. Rxd5 Nf6 29. Rd2 b5 30. cxb5 axb5 31. Bb4 d5 32. Bxe7 Rxe7 33. exd5 Rxd5 34. Re2 Red7 35. Ne4 Nxe4 36. Bxe4 Rd1 37. Ree1 Rxe1 38. Rxe1 Qxe4 39. Rf1 Qxf5 40. Qe2 Qd3 41. Qf2 Qd5 42. h3 h6 0-1

[Event "Rheinhessen-ch HTB"]
[Site "Pfeddersheim"]
[Date "2011.04.23"]
[Round "5"]
[White "Thust, Martin"]
[Black "Sassenroth, Guenter"]
[Result "1/2-1/2"]
[WhiteElo "1533"]
[BlackElo "1604"]
[PlyCount "96"]
[EventDate "2011.04.21"]
[EventType "swiss"]
[EventRounds "5"]
[EventCountry "GER"]
[SourceTitle "EXT 2012"]
[Source "ChessBase"]
[SourceDate "2011.11.24"]
[SourceVersion "1"]
[SourceVersionDate "2011.11.24"]
[SourceQuality "1"]

1. d4 d5 2. c4 e6 3. g3 c5 4. Bg2 cxd4 5. cxd5 exd5 6. Qxd4 Be6 7. Nf3 Nc6 8. Qa4 Nf6 9. 0-0 Be7 10. Nbd2 0-0 11. Nb3 Rb8 12. Nbd4 Nxd4 13. Qxd4 b6 14. h3 Ne4 15. Be3 Bc5 16. Qd3 Bf5 17. Nh4 Nxg3 18. Nxf5 Nxf1 19. Rxf1 Qf6 20. Bd4 Bxd4 21. Nxd4 Rfd8 22. Rc1 a5 23. e3 Qd6 24. Rc6 Qb4 25. Rc2 Rd6 26. Kf1 Qa4 27. b3 Qd7 28. Qb5 g6 29. Ke2 f5 30. Qxd7 Rxd7 31. Kd3 Kf7 32. Nb5 Rbb7 33. Kd4 Kf6 34. Rc6+ Kg5 35. Nd6 Rb8 36. Kxd5 f4 37. exf4+ Kxf4 38. Rc4+ Kg5 39. h4+ Kh6 40. Ke6 Ra7 41. Nb5 Re8+ 42. Kd6 Rd8+ 43. Kc6 Rf7 44. f4 Rf6+ 45. Kb7 Rd2 46. Bc6 Rxa2 47. Kxb6 Rb2 48. Nd4 Rxf4 1/2-1/2

[Event "Rheinhessen-ch HTB"]
[Site "Pfeddersheim"]
[Date "2011.04.22"]
[Round "3"]
[White "Foerster, Erik"]
[Black "Sassenroth, Guenter"]
[Result "1-0"]
[WhiteElo "1666"]
[BlackElo "1604"]
[PlyCount "87"]
[EventDate "2011.04.21"]
[EventType "swiss"]
[EventRounds "5"]
[EventCountry "GER"]
[SourceTitle "EXT 2012"]
[Source "ChessBase"]
[SourceDate "2011.11.24"]
[SourceVersion "1"]
[SourceVersionDate "2011.11.24"]
[SourceQuality "1"]

1. c4 c5 2. Nc3 e6 3. Nf3 d5 4. cxd5 exd5 5. d4 Nc6 6. dxc5 Bxc5 7. Qxd5 Qb6 8. e3 Nf6 9. Qb3 Qxb3 10. axb3 0-0 11. Bd3 Nb4 12. Ke2 a6 13. Rd1 Be6 14. Ne4 Nxe4 15. Bxe4 Bxb3 16. Rd7 Rad8 17. Rxb7 Bc4+ 18. Ke1 Rfe8 19. Bd2 Nd3+ 20. Bxd3 Bxd3 21. Rc1 Be4 22. Rc7 Bb6 23. R7c4 h6 24. Ra4 Bd3 25. Ba5 Bxa5+ 26. Rxa5 Bb5 27. Rd1 Rb8 28. Nd4 Rec8 29. Nxb5 axb5 30. Ra7 Rc2 31. Rdd7 Rf8 32. Rd2 Rc4 33. Rb7 Rb4 34. Kd1 Rc8 35. Rc2 Rd8+ 36. Kc1 Rd5 37. Rc8+ Kh7 38. Rxf7 Ra4 39. Rcc7 Rg5 40. g3 Kg8 41. h4 Rg6 42. Rf5 b4 43. h5 Rg4 44. Rc8+ 1-0

[Event "Rheinland Pfalz op 2nd"]
[Site "Schweich"]
[Date "2010.07.18"]
[Round "7"]
[White "Fuchs, Willy"]
[Black "Sassenroth, Guenter"]
[Result "1-0"]
[WhiteElo "1785"]
[BlackElo "1590"]
[PlyCount "57"]
[EventDate "2010.07.16"]
[EventType "swiss"]
[EventRounds "7"]
[EventCountry "GER"]
[SourceTitle "EXT 2012"]
[Source "ChessBase"]
[SourceDate "2011.11.24"]
[SourceVersion "1"]
[SourceVersionDate "2011.11.24"]
[SourceQuality "1"]

1. d4 d5 2. Nf3 e6 3. e3 c5 4. c3 Nf6 5. Bd3 Nc6 6. Nbd2 a6 7. 0-0 Bd6 8. dxc5 Bxc5 9. e4 0-0 10. Nb3 Bxf2+ 11. Rxf2 dxe4 12. Bc2 exf3 13. Rxf3 Qc7 14. Rxf6 Qb6+ 15. Rf2 e5 16. Be4 Be6 17. Bxc6 bxc6 18. Qe2 Rfd8 19. Be3 Qc7 20. Nc5 Bd5 21. b3 Qc8 22. c4 Be6 23. Nxe6 Qxe6 24. Rd1 Rdc8 25. Qd3 f6 26. Rfd2 Qf7 27. Qd7 Qg6 28. Qe6+ Kf8 29. Bc5# 1-0

[Event "Rheinhessen-ch HTA"]
[Site "Gau Algesheim"]
[Date "2010.04.02"]
[Round "5"]
[White "Worth, Lucas"]
[Black "Sassenroth, Guenter"]
[Result "1/2-1/2"]
[WhiteElo "1461"]
[BlackElo "1642"]
[PlyCount "29"]
[EventDate "2010.03.27"]
[EventType "swiss"]
[EventRounds "7"]
[EventCountry "GER"]
[SourceTitle "EXT 2012"]
[Source "ChessBase"]
[SourceDate "2011.11.24"]
[SourceVersion "1"]
[SourceVersionDate "2011.11.24"]
[SourceQuality "1"]

1. d4 d5 2. Nf3 e6 3. c4 c5 4. cxd5 exd5 5. Nc3 Nc6 6. g3 Nf6 7. Bg5 Be7 8. Bg2 0-0 9. 0-0 cxd4 10. Nxd4 h6 11. Be3 Be6 12. h3 Rc8 13. Rc1 Ne5 14. b3 Bb4 15. Nb1 1/2-1/2

[Event "Rheinhessen-ch HT1"]
[Site "Mainz"]
[Date "2009.04.10"]
[Round "5"]
[White "Resa, Hans Farid"]
[Black "Sassenroth, Guenter"]
[Result "0-1"]
[WhiteElo "1609"]
[BlackElo "1670"]
[PlyCount "80"]
[EventDate "2009.04.04"]
[EventType "swiss"]
[EventRounds "7"]
[EventCountry "GER"]
[SourceTitle "EXT 2011"]
[Source "ChessBase"]
[SourceDate "2010.11.26"]
[SourceVersion "1"]
[SourceVersionDate "2010.11.26"]
[SourceQuality "1"]

1. e4 e5 2. Bc4 Nf6 3. Nc3 c6 4. Nf3 d5 5. exd5 cxd5 6. Bb5+ Bd7 7. Nxe5 Bxb5 8. Nxb5 Qa5 9. Qe2 Be7 10. 0-0 0-0 11. d4 a6 12. Nc3 Re8 13. Qd3 b5 14. a3 b4 15. Ne2 bxa3 16. Bd2 Qc7 17. bxa3 Bd6 18. f4 Ne4 19. Bb4 f6 20. Bxd6 Qxd6 21. Ng4 Nc6 22. f5 Na5 23. Nf4 Rac8 24. Ne6 Rc3 25. Qe2 Nc4 26. Rf3 Rxf3 27. Qxf3 Ng5 28. Nxg5 fxg5 29. Qd3 h5 30. Nf2 Re3 31. Qd1 Rxa3 32. Rxa3 Qxa3 33. Qxh5 Qe3 34. Qd1 Nd2 35. Qa1 Ne4 36. Qf1 Qxd4 37. g3 a5 38. c3 Qxf2+ 39. Qxf2 Nxf2 40. Kxf2 a4 0-1

[Event "Rheinhessen-ch HT1"]
[Site "Mainz"]
[Date "2009.04.04"]
[Round "2"]
[White "Sassenroth, Guenter"]
[Black "Wagner, Stefan"]
[Result "0-1"]
[WhiteElo "1670"]
[BlackElo "1607"]
[PlyCount "76"]
[EventDate "2009.04.04"]
[EventType "swiss"]
[EventRounds "7"]
[EventCountry "GER"]
[SourceTitle "EXT 2011"]
[Source "ChessBase"]
[SourceDate "2010.11.26"]
[SourceVersion "1"]
[SourceVersionDate "2010.11.26"]
[SourceQuality "1"]

1. e4 c6 2. d4 d5 3. Nc3 dxe4 4. Nxe4 Bf5 5. Ng3 Bg6 6. Nf3 e6 7. Bd3 Bxd3 8. Qxd3 Nf6 9. 0-0 Bd6 10. Bg5 h6 11. Bxf6 Qxf6 12. Rfe1 Bxg3 13. fxg3 0-0 14. Ne5 Qe7 15. Re4 Nd7 16. Qe3 Nxe5 17. Rxe5 Rad8 18. c4 Qf6 19. Rf1 Qg6 20. Re4 b6 21. h3 Kh8 22. Rg4 Qh7 23. Qe5 f5 24. Rgf4 Qg6 25. g4 Rfe8 26. Qc7 c5 27. gxf5 exf5 28. d5 Qg3 29. d6 Qe3+ 30. Kh1 Qe6 31. Qxa7 Rxd6 32. Rxf5 Rd7 33. Qa6 Rd2 34. b3 Qe4 35. R5f2 Rxf2 36. Rxf2 Qe1+ 37. Kh2 Qxf2 38. a4 Qf4+ 0-1